Oxford English Mini Dictionary / (Record no. 104)

000 -LEADER
fixed length control field 00539nam a2200181Ia 4500
008 - FIXED-LENGTH DATA ELEMENTS--GENERAL INFORMATION
fixed length control field 190805s9999||||xx |||||||||||||| ||und||
020 ## - INTERNATIONAL STANDARD BOOK NUMBER
International Standard Book Number 9780198075554
Terms of availability Rs. 165.00
040 ## - CATALOGING SOURCE
Original cataloging agency IMU Kochi Library
082 04 - DEWEY DECIMAL CLASSIFICATION NUMBER
Classification number 423
Item number Ox25
Edition number 23
245 10 - TITLE STATEMENT
Title Oxford English Mini Dictionary /
250 ## - EDITION STATEMENT
Edition statement 7th ed.
260 ## - PUBLICATION, DISTRIBUTION, ETC. (IMPRINT)
Place of publication, distribution, etc New Delhi :
Name of publisher, distributor, etc Oxford University Publications,
Date of publication, distribution, etc 2007, reprinted 2015
300 ## - PHYSICAL DESCRIPTION
Extent 648 p.
Other physical details :
Dimensions ; 12 cm.
650 #0 - SUBJECT ADDED ENTRY--TOPICAL TERM
Topical term or geographic name as entry element English language
Form subdivision Dictionaries
700 1# - ADDED ENTRY--PERSONAL NAME
Personal name Soanes, Catherine
852 ## - LOCATION/CALL NUMBER
Location IMU Kochi Library
942 ## - ADDED ENTRY ELEMENTS (KOHA)
Item type Books
Holdings
Withdrawn status Lost status Damaged status Not for loan Collection code Permanent location Current location Shelving location Date acquired Source of acquisition Cost, normal purchase price Full call number Barcode Date last seen Koha item type Public note Total Checkouts Date last borrowed
        English IMU Kochi Library IMU Kochi Library Reference 2017-05-18 Sterling Book House 165.00 423 Ox25 BK002998 2019-08-05 Books Shelf-2, Row-4    
        English IMU Kochi Library IMU Kochi Library Reference 2017-05-18 Sterling Book House 165.00 423 Ox25 BK002997 2019-10-15 Books Shelf-2, Row-4 1 2019-09-30


Copyright © All Rights Reserved by Indian Maritime University, Kochi Campus.
For any Suggestions/Query Contact to library or Email: library.kochi@imu.ac.in Ph:(0484)-2989402
(Web OPAC Designed by Rudra Ranjan. Maintained by IMU Kochi Library)

Powered by Koha